Diccionario de sinónimos y antónimos

Uloženo v:
Podrobná bibliografie
Médium: Kniha
Jazyk:španělština
Vydáno: Santiago Portada 1986
Edice:Nobel, 2
Témata:
Tagy: Přidat tag
Žádné tagy, Buďte první, kdo vytvoří štítek k tomuto záznamu!

MARC

LEADER 00000nam a2200000 a 4500
001 UCH7922
003 CL-VaPUC
008 091127e19860000CL |||||||||||||||||spa|d
082 0 4 |a 463  |b DIC  |2 21 
245 1 0 |a Diccionario de sinónimos y antónimos 
300 |a 270 p 
942 |c BK 
945 |d 20091127 00:00:00  |a lazolas 
260 |a Santiago  |b Portada  |c 1986 
650 0 |a Idioma español  |9 309143 
650 0 |a Sinónimos y antónimos   |9 255373 
650 0 |a Diccionarios  |9 256200 
583 |a last modification  |c 20091127 00:00:00  |k Rodrigo Vera 
490 0 |a Nobel, 2 
999 |c 338229  |d 338227